Photogrammetry (Record no. 17396)

000 -LEADER
fixed length control field 00483nam a22001937a 4500
001 - CONTROL NUMBER
control field 17396
003 - CONTROL NUMBER IDENTIFIER
control field BD-DhUET
008 - FIXED-LENGTH DATA ELEMENTS--GENERAL INFORMATION
fixed length control field 150323b xxu||||| |||| 00| 0 eng d
040 ## - CATALOGING SOURCE
Transcribing agency 0
Modifying agency BD-DhUET
082 ## - DEWEY DECIMAL CLASSIFICATION NUMBER
Classification number 526.982
Item number MOF/1959
100 ## - MAIN ENTRY--PERSONAL NAME
Personal name Moffitt, Francis H.
245 ## - TITLE STATEMENT
Title Photogrammetry
250 ## - EDITION STATEMENT
Edition statement 1st ed.
260 ## - PUBLICATION, DISTRIBUTION, ETC. (IMPRINT)
Place of publication, distribution, etc. Scranton
Name of publisher, distributor, etc. International Textbook
Date of publication, distribution, etc. 1959
300 ## - PHYSICAL DESCRIPTION
Extent xi, 455 p.
Other physical details ill.
504 ## - BIBLIOGRAPHY, ETC. NOTE
Bibliography, etc Includes bibliographies
650 #0 - SUBJECT ADDED ENTRY--TOPICAL TERM
Topical term or geographic name as entry element Photogrammetry
942 ## - ADDED ENTRY ELEMENTS (KOHA)
Koha item type General Book
Holdings
Koha full call number Date acquired Shelving location Withdrawn status Koha normalized classification for sorting Koha date last seen Sublocation or collection (holding branch) Piece designation (barcode) Not for loan Damaged status Source of classification or shelving scheme Copy number Koha item type Lost status Price effective from Location (home branch)
526.982/MOF/19592015-03-23Circulation section 526_982000000000000_MOF_19592015-03-23Central Library, BUET4175   1General Book 2015-03-23Central Library, BUET
526.982/MOF/19592015-03-24Circulation section 526_982000000000000_MOF_19592015-03-24Central Library, BUET2177   2General Book 2015-03-24Central Library, BUET
526.982/MOF/19592015-03-24Circulation section 526_982000000000000_MOF_19592015-03-24Central Library, BUET2179   3General Book 2015-03-24Central Library, BUET
526.982/MOF/19592015-06-25Reading section 526_982000000000000_MOF_19592015-06-25Central Library, BUET2180   4Reading Item 2015-06-25Central Library, BUET